000 00620nam a2200229Ia 4500
003 OSt
005 20220927105220.0
006 a|||||r|||| 00| 0
007 ta
008 220926b |||||||| |||| 00| 0 eng d
024 _a188193
037 _cReference Collections
040 _aRTL
_cRTL
_beng
041 _2eng
_aeng
082 _a"B32, L5/SC"
100 _aArthurs A. M.
_9371050
245 0 _aCalculus of variations
260 _aLondon
_bRoutledge and Kegan Paul
_c1975
300 _a"vii,80p"
_ccm.
942 _h"B32, L5/SC"
_cCC
999 _c691292
_d691292